[Event "IECC M email"]
[Site "IECC email"]
[Date "2001.10.02"]
[Round "?"]
[White "Martinez, Jose Luis"]
[Black "Costantini, Mike"]
[Result "0-1"]
[WhiteElo "1159"]
[BlackElo "1300"]
[PlyCount "62"]
[EventDate "2001.??.??"]
[EventType "tourn (corr)"]
[EventRounds "6"]
[SourceTitle "Corr 2008"]
[Source "ChessBase"]
[SourceDate "2008.06.24"]
[SourceVersion "1"]
[SourceVersionDate "2008.06.24"]
[SourceQuality "1"]

1. e4 f5 2. exf5 Nf6 3. d4 d5 4. Bd3 Nc6 5. Nf3 Ne4 6. c3 Bxf5 7. Bf4 e6 8. Nbd2 Nxf2 9. Kxf2 Bxd3 10. Re1 Qd7 11. Nb3 Bf5 12. Nc5 Bxc5 13. dxc5 0-0 14. Kg1 Bg4 15. Bg3 Rf5 16. h3 Bxf3 17. gxf3 e5 18. Qd3 Raf8 19. Rf1 Rh5 20. Qe2 Qxh3 21. Qg2 Qxg2+ 22. Kxg2 Rg5 23. Kf2 e4 24. Bxc7 Rxf3+ 25. Ke2 Rg2+ 26. Ke1 Re3+ 27. Kd1 Rxb2 28. Bd6 h5 29. Rh1 g6 30. Bf4 Rxc3 31. Rf1 e3 0-1

[Event "IECC KO email"]
[Site "IECC email"]
[Date "2001.01.25"]
[Round "?"]
[White "Martinez, Jose Luis"]
[Black "Jones, David Allan"]
[Result "1-0"]
[WhiteElo "1084"]
[BlackElo "1443"]
[PlyCount "57"]
[EventDate "2001.??.??"]
[EventType "tourn (corr)"]
[EventRounds "6"]
[SourceTitle "Corr 2008"]
[Source "ChessBase"]
[SourceDate "2008.06.24"]
[SourceVersion "1"]
[SourceVersionDate "2008.06.24"]
[SourceQuality "1"]

1. e4 d6 2. Nf3 Nf6 3. Nc3 g6 4. d4 Bg7 5. Be3 0-0 6. Qd2 c6 7. 0-0-0 Nbd7 8. h3 Re8 9. e5 Nd5 10. Nxd5 cxd5 11. Bb5 a6 12. Bxd7 Bxd7 13. exd6 exd6 14. Rhe1 b5 15. Bg5 Qc7 16. Rxe8+ Rxe8 17. g4 a5 18. Re1 Rc8 19. Re7 Bf8 20. Re3 b4 21. Be7 Bg7 22. b3 Qb7 23. Bxd6 Bf8 24. Bxf8 Kxf8 25. Re5 a4 26. Qh6+ Kg8 27. Ng5 Qc6 28. Qxh7+ Kf8 29. Qxf7# 1-0

[Event "IECC P email"]
[Site "IECC email"]
[Date "2000.07.03"]
[Round "?"]
[White "Martinez, Jose Luis"]
[Black "Harris, Jeffrey"]
[Result "0-1"]
[WhiteElo "1060"]
[BlackElo "988"]
[PlyCount "74"]
[EventDate "2000.??.??"]
[EventType "tourn (corr)"]
[EventRounds "6"]
[SourceTitle "Corr 2008"]
[Source "ChessBase"]
[SourceDate "2008.06.24"]
[SourceVersion "1"]
[SourceVersionDate "2008.06.24"]
[SourceQuality "1"]

1. e4 e6 2. e5 d6 3. d4 dxe5 4. dxe5 Qxd1+ 5. Kxd1 Nc6 6. f4 Bd7 7. a4 0-0-0 8. c3 Na5 9. Nd2 Bc6 10. Ngf3 Bxf3+ 11. gxf3 Nb3 12. Kc2 Nxa1+ 13. Kb1 Bc5 14. Kxa1 Be3 15. Nb3 Rd1 16. Kb1 Bxc1 17. Nxc1 Ne7 18. Kc2 Rhd8 19. Nd3 Ra1 20. b3 Nf5 21. Nc1 Ne3+ 22. Kb2 Rxc1 23. Kxc1 Rd1+ 24. Kb2 Rxf1 25. Rxf1 Nxf1 26. h3 Nh2 27. Kc2 Nxf3 28. Kd3 Nh4 29. Ke3 Kd7 30. c4 Kc6 31. b4 a6 32. Ke4 b5 33. cxb5+ axb5 34. a5 Kb7 35. Kd4 Nf3+ 36. Kc5 Ka6 37. Kc6 Nxe5+ 0-1

[Event "IECC KO email"]
[Site "IECC email"]
[Date "2000.04.07"]
[Round "?"]
[White "Karlsson, Roger"]
[Black "Martinez, Jose Luis"]
[Result "0-1"]
[WhiteElo "936"]
[BlackElo "986"]
[PlyCount "64"]
[EventDate "2000.??.??"]
[EventType "tourn (corr)"]
[EventRounds "6"]
[SourceTitle "Corr 2008"]
[Source "ChessBase"]
[SourceDate "2008.06.24"]
[SourceVersion "1"]
[SourceVersionDate "2008.06.24"]
[SourceQuality "1"]

1. e4 e5 2. Nf3 Nc6 3. Bc4 Nf6 4. Nc3 d6 5. Ng5 Be6 6. Bxe6 fxe6 7. Nxe6 Qe7 8. Nxf8 Rxf8 9. Nd5 Qf7 10. c4 Nxe4 11. 0-0 0-0-0 12. Qg4+ Qf5 13. Qxf5+ Rxf5 14. d3 Nf6 15. Nxf6 gxf6 16. Be3 Nb4 17. Bxa7 b6 18. a3 Nxd3 19. b4 Kb7 20. g4 Rf4 21. Bxb6 cxb6 22. c5 Rg8 23. h3 h5 24. f3 hxg4 25. hxg4 f5 26. Rad1 Nb2 27. Rxd6 Nc4 28. Rf6 Nd2 29. c6+ Kc8 30. Rf2 Nxf3+ 31. Kf1 Nd2+ 32. Ke2 Rxf2+ 0-1